| Tag |
First Indicator |
Second Indicator |
Subfields |
| LEADER |
00000cam a22000005a 4500 |
| 001 |
in00000071579 |
| 005 |
20151008062306.0 |
| 008 |
801117s1980 au b 00010 eng d |
| 035 |
|
|
|a (OCoLC)06948249
|
| 035 |
|
|
|9 AAJ9918AM
|
| 040 |
|
|
|a GSU
|c GSU
|d TXA
|d UtOrBLW
|
| 049 |
|
|
|a TXAM
|c [1803928]
|
| 090 |
|
|
|a PR721
|b .B38 1980
|
| 100 |
1 |
|
|a Baum, Joan Mandell.
|
| 245 |
1 |
4 |
|a The theatrical compositions of the major English romantic poets /
|c by Joan Mandell Baum.
|
| 264 |
|
1 |
|a Salzburg, Austria :
|b Institut fur Anglistik und Amerikanistik, Universitat Salzburg,
|c 1980.
|
| 300 |
|
|
|a iii, 257 pages ;
|c 22 cm.
|
| 336 |
|
|
|a text
|b txt
|2 rdacontent
|
| 337 |
|
|
|a unmediated
|b n
|2 rdamedia
|
| 338 |
|
|
|a volume
|b nc
|2 rdacarrier
|
| 490 |
1 |
|
|a Poetic drama & poetic theory ;
|v 57
|
| 490 |
1 |
|
|a Salzburg studies in English literature
|
| 504 |
|
|
|a Bibliography: pages 251-257.
|
| 650 |
|
0 |
|a English drama
|y 19th century
|x History and criticism.
|
| 830 |
|
0 |
|a Salzburg studies in English literature.
|p Poetic drama & poetic theory ;
|v 57.
|
| 830 |
|
0 |
|a Salzburg studies in English literature.
|
| 999 |
|
|
|a MARS
|
| 999 |
f |
f |
|s ef9a3226-8e95-376c-9d5d-96012071fd56
|i be99e874-605d-38b9-8bba-baaf74510f11
|t 0
|
| 952 |
f |
f |
|p ric
|a Texas A&M University
|b Rellis Campus
|c Joint Library Facility
|d Remote Storage
|t 0
|e PR721 .B38 1980
|h Library of Congress classification
|i unmediated -- volume
|m A14806183219
|
| 998 |
f |
f |
|a PR721 .B38 1980
|t 0
|l Remote Storage
|